| 000 | 00900nam a2200217 a 4500 | ||
|---|---|---|---|
| 005 | 20230826063541.0 | ||
| 008 | 991125s1994 mx 000 0 spa u | ||
| 035 | _aUPN01000000780 | ||
| 049 | _aCG | ||
| 050 | 4 |
_aLB1589 _bS2.2 |
|
| 100 | 1 | _aSalgado Peña, Thelma Karina | |
| 245 | 1 | 0 |
_aAdición y sustracción : _buna investigación sobre el conocimiento informal que poseen los niños del nivel preescolar a segundo grado de primaria / _cThelma Karina Salgado Peña. |
| 260 |
_aMéxico : _bT. K. Salgado Peña, _c1994. |
||
| 300 |
_a130 h. + _eanexos |
||
| 502 | _aTesis (Lic. en Pedagogía) -- Universidad Nacional Autónoma de México. Facultad de Filosofía y Letras. Colegio de Pedagogía, 1994 | ||
| 650 | 2 |
_aSuma _9159 |
|
| 650 | 4 |
_aMatemáticas _xEstudio y enseñanza (Elemental) _92809 |
|
| 650 | 4 |
_aMatemáticas _xEstudio y enseñanza (Preescolar) _94038 |
|
| 650 | 4 | _aRESTA | |
| 905 | _aLibro | ||
| 999 |
_c780 _d780 |
||